[Event "OPEN AUBAGNE CEA 25-26"]
[Site "10 AV Joseph Fallen 13400 AUBAGNE"]
[Date "2026.01.24"]
[Round "6.1"]
[Board "1"]
[White "Belaid, Noa"]
[Black "Madi, Walid"]
[Result "1/2-1/2"]
[WhiteElo "1805"]
[BlackElo "1940"]
[WhiteFideId "-1"]
[BlackFideId "-1"]
[PlyCount "91"]
[GameId "2270245846814781"]
[EventDate "2025.??.??"]
[WhiteTeam "Hay Chess"]
[BlackTeam "Cercle d'Echecs Aubagnais"]

1. e4 d5 2. exd5 Nf6 3. d4 Qxd5 4. c4 Qd6 5. h3 Nc6 6. Nf3 Bf5 7. a3 O-O-O 8. Be3 e5 9. d5 h6 10. Nc3 Qe7 11. Be2 g5 12. Qa4 Nd4 13. Bxd4 exd4 14. Nxd4 Bg6 15. Qxa7 Qc5 16. Qxc5 Bxc5 17. O-O-O Rhe8 18. Rhf1 Ne4 19. Bg4+ Kb8 20. Nxe4 Rxe4 21. Nc2 Rxc4 22. Rd2 Rxc2+ 23. Rxc2 Bxc2 24. Kxc2 Rxd5 25. Be2 f5 26. Bd3 f4 27. Be4 Rd6 28. f3 Bd4 29. Rd1 c5 30. b3 Kc7 31. Rd2 Ra6 32. a4 Rd6 33. Rd1 Kb6 34. Rb1 Ka6 35. Re1 b6 36. Bd3+ Ka5 37. Bc4 Be3 38. Rd1 Rf6 39. Rd7 Kb4 40. Rd3 Bd4 41. Rd1 Rd6 42. Re1 Be3 43. Rd1 Rxd1 44. Kxd1 Kc3 45. Ke2 Kc2 46. Bd5 1/2-1/2

[Event "OPEN AUBAGNE CEA 25-26"]
[Site "10 AV Joseph Fallen 13400 AUBAGNE"]
[Date "2026.01.24"]
[Round "6.2"]
[Board "2"]
[White "Maffone, Jean-Charles"]
[Black "Maggio, Lucas"]
[Result "0-1"]
[WhiteElo "1755"]
[BlackElo "1855"]
[WhiteFideId "-1"]
[BlackFideId "-1"]
[PlyCount "100"]
[GameId "2269947294888133"]
[EventDate "2025.??.??"]
[WhiteTeam "Cercle d'Echecs Aubagnais"]
[BlackTeam "Cercle d'Echecs Aubagnais"]

1. e4 c5 2. Nc3 a6 3. g3 b5 4. Bg2 Bb7 5. Nge2 e6 6. O-O Nf6 7. d3 Be7 8. Nf4 Qc7 9. Re1 d6 10. Nh5 Nxh5 11. Qxh5 Nc6 12. Bg5 O-O-O 13. Bxe7 Qxe7 14. a4 b4 15. Ne2 g6 16. Qf3 h5 17. Qe3 h4 18. b3 hxg3 19. fxg3 Ne5 20. h3 g5 21. d4 cxd4 22. Nxd4 g4 23. h4 Rdg8 24. c3 Qf6 25. Rf1 Qg7 26. cxb4 Nf3+ 27. Nxf3 gxf3 28. Rac1+ Kb8 29. Rxf3 Rxh4 30. Qb6 Rxe4 31. Rd3 Qe5 32. Qxd6+ Qxd6 33. Rxd6 Rxg3 34. Rd8+ Ka7 35. Rc2 Reg4 36. Rdd2 f5 37. Kh2 Rxg2+ 38. Rxg2 Rxg2+ 39. Rxg2 Bxg2 40. Kxg2 Kb6 41. Kf3 Kc6 42. Ke3 Kd5 43. Ke2 e5 44. Ke1 Kd4 45. Ke2 e4 46. Ke1 f4 47. Ke2 e3 48. b5 axb5 49. a5 f3+ 50. Kxf3 Kd3 0-1

[Event "OPEN AUBAGNE CEA 25-26"]
[Site "10 AV Joseph Fallen 13400 AUBAGNE"]
[Date "2026.01.24"]
[Round "6.3"]
[Board "3"]
[White "Gomez, Guy"]
[Black "Vrillet, Sylvain"]
[Result "1/2-1/2"]
[WhiteElo "1688"]
[BlackElo "1782"]
[WhiteFideId "-1"]
[BlackFideId "-1"]
[PlyCount "109"]
[GameId "2269959636118374"]
[EventDate "2025.??.??"]
[WhiteTeam "Cercle d'Echecs Aubagnais"]
[BlackTeam "Cercle d'Echecs Aubagnais"]

{[%evp 0,70,25,25,51,43,41,19,21,-38,3,-77,5,3,14,-51,35,23,14,24,23,19,19,12,24,27,63,27,15,18,39,29,29,17,72,68,70,29,23,27,41,33,12,21,21,-5,37,-24,-34,-56,-40,-102,-46,-153,-101,-92,-108,-147,-140,-212,-212,-229,-91,-78,-91,-74,-91,-90,-69,-71,-45,-63,-64]} 1. e4 c5 2. Nf3 Nc6 3. Bc4 e6 4. c3 a6 5. a4 d6 6. O-O Nf6 7. Re1 Qc7 8. d3 Be7 9. Bf4 O-O 10. Nbd2 Nh5 11. Bg5 b6 12. Bxe7 Qxe7 13. Ne5 Nxe5 14. Qxh5 Ng6 15. g3 Bb7 16. d4 e5 17. d5 Bc8 18. Bf1 f5 19. Nc4 Qd8 20. Bh3 fxe4 21. Bxc8 Rxc8 22. Rxe4 Qf6 23. f4 b5 24. axb5 axb5 25. Nb6 Rc7 26. f5 Qxf5 27. Qxf5 Rxf5 28. Ra8+ Rf8 29. Re1 Rxa8 30. Nxa8 Rb7 31. Ra1 Ne7 32. Ra6 Nxd5 33. Rxd6 Nf6 34. Rc6 c4 35. Rc8+ Kf7 36. Rc7+ Rxc7 37. Nxc7 Nd7 38. Nxb5 Ke6 39. Kf2 Nc5 40. Na3 Nd3+ 41. Ke3 Nxb2 42. Nb5 Nd3 43. Nc7+ Kf5 44. h3 h5 45. Ne8 Kg6 46. Nd6 Nb2 47. Ke4 Kf6 48. Kd5 Nd1 49. Kxc4 Nf2 50. h4 Ke6 51. Kc5 e4 52. Nc4 Nh1 53. Kd4 Nxg3 54. Ne3 Ne2+ 55. Kxe4 1/2-1/2

[Event "OPEN AUBAGNE CEA 25-26"]
[Site "10 AV Joseph Fallen 13400 AUBAGNE"]
[Date "2026.01.24"]
[Round "6.5"]
[Board "5"]
[White "Engles, Pierre"]
[Black "Jardel, Stephane"]
[Result "1-0"]
[WhiteElo "1609"]
[BlackElo "1604"]
[WhiteFideId "-1"]
[BlackFideId "-1"]
[PlyCount "41"]
[GameId "2270248896688682"]
[EventDate "2025.??.??"]
[WhiteTeam "Hay Chess"]
[BlackTeam "Cercle d'Echecs Aubagnais"]

1. e4 c5 2. d4 cxd4 3. c3 dxc3 4. Nxc3 Nc6 5. Nf3 d6 6. Bc4 g6 7. Qb3 e6 8. O-O Bg7 9. Bf4 Ne5 10. Bb5+ Bd7 11. Rfd1 Nxf3+ 12. gxf3 e5 13. Rxd6 Nf6 14. Bg5 O-O 15. Rxd7 Qb6 16. Bxf6 Bxf6 17. Bc4 Qxb3 18. Bxb3 b6 19. Rad1 Bg5 20. Rb7 Bd8 21. Rdd7 1-0

[Event "OPEN AUBAGNE CEA 25-26"]
[Site "10 AV Joseph Fallen 13400 AUBAGNE"]
[Date "2026.01.24"]
[Round "6.7"]
[Board "7"]
[White "Deregnaucourt, Yves"]
[Black "Camus, Evan"]
[Result "1-0"]
[WhiteElo "1682"]
[BlackElo "1555"]
[WhiteFideId "-1"]
[BlackFideId "-1"]
[PlyCount "115"]
[GameId "2270252063744967"]
[EventDate "2025.??.??"]
[WhiteTeam "Cercle d'Echecs Aubagnais"]
[BlackTeam "Hay Chess"]

1. e4 e6 2. d4 d5 3. Nc3 dxe4 4. Nxe4 Bd7 5. Nf3 Bc6 6. Bd3 Nd7 7. O-O Ngf6 8. Re1 Be7 9. c3 Nxe4 10. Bxe4 Bxe4 11. Rxe4 Nf6 12. Re1 Qd5 13. Re5 Qc6 14. Rg5 g6 15. Ne5 Qe4 16. f3 Qh4 17. Qf1 Qh6 18. Rxg6 Qf8 19. Bh6 hxg6 20. Bxf8 Kxf8 21. Qb5 Rb8 22. g4 c6 23. Nxc6 Bd6 24. Nxb8 Bxh2+ 25. Kg2 Bxb8 26. Rh1 Rg8 27. Qxb7 Kg7 28. c4 Rd8 29. Rd1 Bf4 30. Qxa7 e5 31. d5 e4 32. fxe4 Nxg4 33. Re1 g5 34. Qe7 Rh8 35. Rh1 Ne3+ 36. Kg1 Ra8 37. e5 Ng4 38. e6 Ne5 39. a3 Rb8 40. b4 Ra8 41. b5 Ra4 42. Qe8 fxe6 43. Qh8+ Kf7 44. Rh7+ Kg6 45. Rg7+ Kf5 46. Qh3+ Ke4 47. Qb3 Rxc4 48. Qb1+ Nd3 49. dxe6 Rc1+ 50. Qxc1 Nxc1 51. e7 Ne2+ 52. Kg2 Be5 53. e8=Q Nf4+ 54. Kf1 Kf5 55. Rxg5+ Kxg5 56. Qxe5+ Kg4 57. Qxf4+ Kxf4 58. b6 1-0

[Event "OPEN AUBAGNE CEA 25-26"]
[Site "10 AV Joseph Fallen 13400 AUBAGNE"]
[Date "2026.01.24"]
[Round "6.8"]
[Board "8"]
[White "Portes, Daniel"]
[Black "Gamblin, Vincent"]
[Result "0-1"]
[WhiteElo "1553"]
[BlackElo "1632"]
[WhiteFideId "-1"]
[BlackFideId "-1"]
[PlyCount "92"]
[GameId "2270255785194457"]
[EventDate "2025.??.??"]
[WhiteTeam "Hay Chess"]
[BlackTeam "L'Echiquier du Roy René"]

1. e4 c5 2. Nc3 Nc6 3. g3 g6 4. Bg2 Bg7 5. d3 Nf6 6. Be3 d6 7. Qd2 Ng4 8. h3 Nxe3 9. Qxe3 Qb6 10. Qc1 e6 11. Nge2 a6 12. O-O O-O 13. Rb1 Qd8 14. a4 Rb8 15. Na2 b5 16. axb5 axb5 17. c3 e5 18. b4 Be6 19. Qd2 Qd7 20. Kh2 Ra8 21. Rb2 Rfd8 22. Rd1 Ne7 23. Nec1 Ra3 24. Bf1 d5 25. bxc5 dxe4 26. Nb4 exd3 27. Qxd3 Qxd3 28. Rxd3 Rxd3 29. Ncxd3 Rxc3 30. Rc2 Rxc2 31. Nxc2 Bc4 32. Na3 Bxd3 33. Bxd3 b4 34. Nc4 Kf8 35. Na5 Nd5 36. c6 Ke7 37. Kg2 f5 38. Kf1 Kd6 39. Ke2 f4 40. Be4 Nc3+ 41. Kf3 Nxe4 42. Kxe4 fxg3 43. fxg3 h6 44. Nc4+ Kxc6 45. Nxe5+ Bxe5 46. Kxe5 b3 0-1

[Event "OPEN AUBAGNE CEA 25-26"]
[Site "10 AV Joseph Fallen 13400 AUBAGNE"]
[Date "2026.01.24"]
[Round "6.9"]
[Board "9"]
[White "Cotton, Paul"]
[Black "Khojasteh, Armand"]
[Result "0-1"]
[WhiteElo "1565"]
[BlackElo "1504"]
[WhiteFideId "-1"]
[BlackFideId "-1"]
[PlyCount "124"]
[GameId "2270257724363752"]
[EventDate "2025.??.??"]
[WhiteTeam "Cercle d'Echecs Aubagnais"]
[BlackTeam "Club Provence Echecs"]

1. c4 Nf6 2. Nf3 g6 3. Nc3 Bg7 4. d3 d5 5. cxd5 Nxd5 6. Bd2 O-O 7. g3 b6 8. Bg2 Bb7 9. O-O Nd7 10. a3 c5 11. Rc1 Rc8 12. Qb3 N7f6 13. Rc2 e6 14. Rfc1 Bc6 15. Ne5 Ne7 16. Nxc6 Nxc6 17. Be3 Ng4 18. Bd2 Nd4 19. Qc4 b5 20. Nxb5 Ne5 21. Qa4 Nxe2+ 22. Kh1 Nxc1 23. Rxc1 Nxd3 24. Rf1 Nxb2 25. Qc2 Qd3 26. Qxd3 Nxd3 27. Nxa7 Rb8 28. Nc6 Rb2 29. Be3 Ra2 30. Be4 c4 31. Kg1 Ra1 32. Nb4 Rxf1+ 33. Kxf1 Nb2 34. Ke2 Rd8 35. Nc6 Rd7 36. Bc2 Bf8 37. Bd4 Bxa3 38. Bxb2 Bxb2 39. Ba4 Rb7 40. Kd2 Rd7+ 41. Kc2 c3 42. Nb4 Rd2+ 43. Kb3 Rxf2 44. Nd3 Rxh2 45. Nxb2 cxb2 46. Ka2 Kg7 47. Kb1 Kf6 48. Bc2 Rxc2 49. Kxc2 b1=Q+ 50. Kxb1 Ke5 51. Kc2 Kd4 52. Kd2 Ke4 53. Ke2 f5 54. Kf2 Kd3 55. Ke1 e5 56. Kf2 e4 57. Ke1 g5 58. Kf2 f4 59. gxf4 gxf4 60. Ke1 Ke3 61. Kf1 Kd2 62. Kf2 e3+ 0-1

[Event "OPEN AUBAGNE CEA 25-26"]
[Site "10 AV Joseph Fallen 13400 AUBAGNE"]
[Date "2026.01.24"]
[Round "6.12"]
[Board "12"]
[White "Connan, Pascal"]
[Black "Arlot, Bastien"]
[Result "0-1"]
[WhiteElo "1517"]
[BlackElo "1659"]
[WhiteFideId "-1"]
[BlackFideId "-1"]
[PlyCount "75"]
[GameId "2270265097602087"]
[EventDate "2025.??.??"]
[WhiteTeam "Cercle d'Echecs Aubagnais"]
[BlackTeam "Hay Chess"]

1. d4 Nf6 2. Bf4 d5 3. Nd2 c5 4. e3 Nc6 5. c3 cxd4 6. exd4 Bf5 7. Ngf3 e6 8. Be2 Bd6 9. Bxd6 Qxd6 10. O-O h6 11. Bb5 O-O 12. Re1 a6 13. Bxc6 bxc6 14. Ne5 Rfc8 15. Nb3 Ne4 16. Qh5 Rc7 17. Rac1 a5 18. c4 a4 19. c5 Qd8 20. Na1 Rb8 21. Qe2 Qg5 22. Nf3 Qf6 23. Ne5 Qg5 24. Nf3 Qd8 25. Ne5 Qc8 26. f3 Nf6 27. Qf2 Rcb7 28. Re2 Nh5 29. g4 Nf4 30. gxf5 Nh3+ 31. Kf1 Nxf2 32. Rxf2 Rxb2 33. Rxb2 Rxb2 34. Kg1 Qb7 35. fxe6 fxe6 36. Nd3 Rb1 37. Nc2 Rxc1+ 38. Nxc1 0-1

[Event "OPEN AUBAGNE CEA 25-26"]
[Site "10 AV Joseph Fallen 13400 AUBAGNE"]
[Date "2026.01.24"]
[Round "6.13"]
[Board "13"]
[White "Leonti, Denis"]
[Black "Bouidh, Sonia"]
[Result "1-0"]
[WhiteElo "1509"]
[BlackElo "1471"]
[WhiteFideId "-1"]
[BlackFideId "-1"]
[PlyCount "111"]
[GameId "2270319114622556"]
[EventDate "2025.??.??"]
[WhiteTeam "Hay Chess"]
[BlackTeam "Echecs Academy de Marseille"]

1. e4 c5 2. Nc3 d6 3. g3 g6 4. Bg2 Bg7 5. d3 Nf6 6. Be3 Nc6 7. Nge2 O-O 8. O-O e5 9. Bg5 Be6 10. f4 h6 11. Bh4 Bg4 12. Nd5 Nb4 13. Nxf6+ Bxf6 14. Bxf6 Qxf6 15. fxe5 Qxe5 16. c3 Nc6 17. Qd2 Bxe2 18. Qxe2 f5 19. Qe3 Kh7 20. Rae1 Rae8 21. Qf4 Qxf4 22. gxf4 Nd8 23. exf5 gxf5 24. Rxe8 Rxe8 25. Kf2 b6 26. Bd5 Re7 27. Rg1 Ne6 28. Re1 Kg7 29. Rxe6 Rxe6 30. Bxe6 Kf6 31. Bd5 b5 32. h4 a5 33. h5 Ke7 34. c4 b4 35. b3 Kd7 36. Ke3 Ke7 37. d4 Kd7 38. dxc5 dxc5 39. Kd3 Kd6 40. Kc2 Kd7 41. Kb2 Kd6 42. Kc1 Kd7 43. Kd1 Kd6 44. Bf7 Kd7 45. Bg6 Ke6 46. Ke2 Kf6 47. Bxf5 Kxf5 48. Kf3 Kf6 49. Ke4 Ke6 50. f5+ Kf6 51. Kf4 Kf7 52. Ke5 Ke7 53. f6+ Kd7 54. Kf5 Ke8 55. Kg6 Kf8 56. f7 1-0

[Event "OPEN AUBAGNE CEA 25-26"]
[Site "10 AV Joseph Fallen 13400 AUBAGNE"]
[Date "2026.01.24"]
[Round "6.14"]
[Board "14"]
[White "Le Mauff, Marc"]
[Black "Dessagnes, Enzo"]
[Result "1-0"]
[WhiteElo "1611"]
[BlackElo "1463"]
[WhiteFideId "-1"]
[BlackFideId "-1"]
[PlyCount "41"]
[GameId "2270267366892629"]
[EventDate "2025.??.??"]
[WhiteTeam "Cassis Echecs"]
[BlackTeam "Cercle d'Echecs Aubagnais"]

1. d4 d5 2. Nf3 Bg4 3. e3 e6 4. Be2 Nc6 5. O-O Bd6 6. h3 Bh5 7. Bd2 Nf6 8. a3 Ne7 9. c4 c6 10. c5 Bc7 11. b4 Qb8 12. Nc3 O-O 13. b5 g5 14. Nxg5 h6 15. Bxh5 hxg5 16. Bf3 Kg7 17. e4 e5 18. Bxg5 exd4 19. Qxd4 Be5 20. Qd2 cxb5 21. Bh6+ 1-0

[Event "OPEN AUBAGNE CEA 25-26"]
[Site "10 AV Joseph Fallen 13400 AUBAGNE"]
[Date "2026.01.24"]
[Round "6.15"]
[Board "15"]
[White "Benezra, Silke"]
[Black "Belaid, Myriam"]
[Result "1-0"]
[WhiteElo "1591"]
[BlackElo "1399"]
[WhiteFideId "-1"]
[BlackFideId "-1"]
[PlyCount "59"]
[GameId "2270309761901751"]
[EventDate "2025.??.??"]
[WhiteTeam "L'Echiquier du Roy René"]
[BlackTeam "Cercle d'Echecs Aubagnais"]

1. c4 c5 2. Nf3 d6 3. g3 Nf6 4. Bg2 Nc6 5. O-O g6 6. Nc3 Bg7 7. Rb1 O-O 8. a3 Bf5 9. d3 a5 10. Be3 Rb8 11. Qc1 Ng4 12. Bd2 Nd4 13. Nxd4 cxd4 14. Nd5 e6 15. Nf4 e5 16. Nd5 Be6 17. b4 a4 18. b5 Qd7 19. Nb6 Qe7 20. Nxa4 f5 21. h3 Nf6 22. f4 e4 23. Bb4 Rfc8 24. Kh2 Qf7 25. Bxd6 Ra8 26. Nb6 exd3 27. exd3 Rxa3 28. Qxa3 Rd8 29. Be5 Qc7 30. Bxc7 1-0

[Event "OPEN AUBAGNE CEA 25-26"]
[Site "10 AV Joseph Fallen 13400 AUBAGNE"]
[Date "2026.01.24"]
[Round "6.16"]
[Board "16"]
[White "Innocenti, Georges"]
[Black "Hassaine, Rachid"]
[Result "0-1"]
[WhiteElo "1399"]
[BlackElo "1559"]
[WhiteFideId "-1"]
[BlackFideId "-1"]
[PlyCount "94"]
[GameId "2270310996296916"]
[EventDate "2025.??.??"]
[WhiteTeam "La Dame de la Sainte Baume"]
[BlackTeam "Cercle d'Echecs Aubagnais"]

1. e4 e5 2. Nf3 Nc6 3. Bc4 h6 4. d3 Bc5 5. O-O d6 6. Re1 Nf6 7. c3 O-O 8. Nbd2 Ng4 9. Re2 a6 10. Nf1 Ba7 11. d4 Na5 12. Bb3 Nxb3 13. Qxb3 b5 14. dxe5 Be6 15. Qd1 Bc4 16. Rd2 Qe7 17. b3 Bxf1 18. Qxf1 Nxe5 19. Nxe5 Qxe5 20. Bb2 Qxe4 21. Re2 Qh4 22. g3 Qg5 23. Bc1 Qg6 24. Be3 c5 25. b4 f5 26. f4 Qf7 27. a3 Qc4 28. Rc2 Qe4 29. Qe2 Rfe8 30. Re1 Qxe3+ 31. Qxe3 Rxe3 32. Rxe3 c4 33. Rce2 Re8 34. Kf2 Kf7 35. Kf3 Rxe3+ 36. Rxe3 Bxe3 37. Kxe3 g5 38. h3 Ke6 39. fxg5 hxg5 40. Kd4 d5 41. Ke3 Ke5 42. Kf3 d4 43. cxd4+ Kxd4 44. Ke2 Kc3 45. Kd1 Kb2 46. g4 fxg4 47. hxg4 c3 0-1

[Event "OPEN AUBAGNE CEA 25-26"]
[Site "10 AV Joseph Fallen 13400 AUBAGNE"]
[Date "2026.01.24"]
[Round "6.18"]
[Board "18"]
[White "Copetti, Christian"]
[Black "Giraudoux Lognos, Lina"]
[Result "1-0"]
[WhiteElo "1499"]
[BlackElo "1399"]
[WhiteFideId "-1"]
[BlackFideId "-1"]
[PlyCount "75"]
[GameId "2270313551586875"]
[EventDate "2025.??.??"]
[WhiteTeam "Hay Chess"]
[BlackTeam "Cercle d'Echecs Aubagnais"]

1. d4 d5 2. c4 g6 3. Nc3 Bg7 4. Nf3 c6 5. Bg5 Nf6 6. h3 Nbd7 7. e3 O-O 8. Be2 h6 9. Bh4 Nb6 10. b3 e6 11. O-O Re8 12. Ne5 g5 13. Bg3 dxc4 14. f4 Nh5 15. Bxh5 gxf4 16. Rxf4 cxb3 17. Bxf7+ Kf8 18. Bh5+ Bf6 19. Bh4 Nd7 20. Ng6+ Kg7 21. axb3 Bxh4 22. Nxh4 Rf8 23. Qg4+ Qg5 24. Raf1 Qxg4 25. Rxg4+ Kh8 26. Ng6+ Kh7 27. Nxf8+ Nxf8 28. Rxf8 e5 29. Rfg8 Bxg4 30. Rxa8 Bxh5 31. dxe5 a6 32. e6 Kg7 33. Ne4 Bg6 34. Nc5 Bf5 35. e7 Bg6 36. Nxb7 Bf7 37. Rxa6 Be8 38. Nd6 1-0

[Event "OPEN AUBAGNE CEA 25-26"]
[Site "10 AV Joseph Fallen 13400 AUBAGNE"]
[Date "2026.01.24"]
[Round "6.19"]
[Board "19"]
[White "Lecompte, John"]
[Black "Autouard, Jean-Luc"]
[Result "1-0"]
[WhiteElo "1399"]
[BlackElo "1538"]
[WhiteFideId "-1"]
[BlackFideId "-1"]
[PlyCount "83"]
[GameId "2270316698179149"]
[EventDate "2025.??.??"]
[WhiteTeam "Cercle d'Echecs Aubagnais"]
[BlackTeam "Cercle d'Echecs Aubagnais"]

1. e4 c5 2. d4 cxd4 3. c3 dxc3 4. Nxc3 Nc6 5. Nf3 e6 6. h4 Be7 7. h5 d6 8. Bc4 Bd7 9. h6 g6 10. b3 Bf6 11. Bb2 Qe7 12. Rb1 O-O-O 13. Nb5 Be8 14. Ba3 Be5 15. Nxe5 dxe5 16. Bxe7 Rxd1+ 17. Rxd1 Ngxe7 18. Nd6+ Kc7 19. Nxe8+ Rxe8 20. Bb5 a6 21. Bxc6 Nxc6 22. Rc1 Rd8 23. b4 Rd4 24. a3 Rxe4+ 25. Kf1 Kb8 26. Rh3 Ka7 27. Rf3 f5 28. Rd3 Rd4 29. Rxd4 exd4 30. Rc5 e5 31. b5 axb5 32. Rxb5 d3 33. Rd5 Nd4 34. Ke1 Nc2+ 35. Kd2 e4 36. Rd7 Nxa3 37. Rxh7 Nc4+ 38. Kc1 f4 39. Re7 e3 40. fxe3 d2+ 41. Kd1 Nxe3+ 42. Kxd2 1-0

[Event "OPEN AUBAGNE CEA 25-26"]
[Site "10 AV Joseph Fallen 13400 AUBAGNE"]
[Date "2026.01.24"]
[Round "6.20"]
[Board "20"]
[White "Turpin, Isabelle"]
[Black "Coetto Dini, Joao"]
[Result "1-0"]
[WhiteElo "1424"]
[BlackElo "1299"]
[WhiteFideId "-1"]
[BlackFideId "-1"]
[PlyCount "47"]
[GameId "2270269227881639"]
[EventDate "2025.??.??"]
[WhiteTeam "Cercle d'Echecs Aubagnais"]
[BlackTeam "Cercle d'Echecs Aubagnais"]

1. d4 d5 2. Nc3 Nf6 3. g3 Be6 4. Bg2 g6 5. e4 c6 6. e5 Nfd7 7. Nf3 Bg7 8. Be3 f6 9. exf6 Nxf6 10. Qd2 Nbd7 11. Bh6 O-O 12. Bxg7 Kxg7 13. Ng5 Bf7 14. Bh3 h6 15. Ne6+ Bxe6 16. Bxe6 Rh8 17. O-O-O b5 18. b4 Rf8 19. Rdg1 a5 20. Ne2 Nh5 21. g4 axb4 22. gxh5 Qc7 23. Rxg6+ Kh7 24. Qxh6# 1-0

[Event "OPEN AUBAGNE CEA 25-26"]
[Site "10 AV Joseph Fallen 13400 AUBAGNE"]
[Date "2026.01.24"]
[Round "6.22"]
[Board "22"]
[White "Hospital, Mathieu"]
[Black "Peucelle, Richard"]
[Result "1-0"]
[WhiteElo "1399"]
[BlackElo "1399"]
[WhiteFideId "-1"]
[BlackFideId "-1"]
[PlyCount "43"]
[GameId "2270268508693657"]
[EventDate "2025.??.??"]
[WhiteTeam "Cercle d'Echecs Aubagnais"]
[BlackTeam "Cercle d'Echecs Aubagnais"]

1. c4 e5 2. Nc3 Nf6 3. g3 d5 4. d3 dxc4 5. dxc4 Qxd1+ 6. Kxd1 Bf5 7. Bg2 Nc6 8. Be3 Rd8+ 9. Ke1 b6 10. Bxc6+ Bd7 11. Bxd7+ Rxd7 12. Rd1 Bc5 13. Bxc5 bxc5 14. Nf3 O-O 15. Nxe5 Rxd1+ 16. Kxd1 Re8 17. f4 Ng4 18. Nxg4 f5 19. Nf2 Rd8+ 20. Kc2 Re8 21. Rd1 Rxe2+ 22. Nxe2 1-0